000 00610nam a2200253 a 4500
001 nice12345678
003 IN_TiNIC
005 20260116011328.0
008 050524s1962 leia grp 000 0 eng
020 _a
_c100
082 0 0 _a297.7
_bARA
100 _aArasteh, A Reza
245 _aEducation and Social Awakening in Iran
260 _aLeiden
_bE. J. Brill
_c1962
300 _a19p
500 _aincludes index and biblioraphy
505 2 _aAppendix
650 _aIslamic-Education
650 _aEducation-Iran
700 1 _aArasteh, A Reza
902 _bSRS
942 _cBK
999 _c554
_d554